| 000 | 03731cam a22012614i 4500 | ||
|---|---|---|---|
| 003 | PE-LiUPU | ||
| 005 | 20250813185558.0 | ||
| 008 | 150706s r 000 0 d | ||
| 020 | _a9788427715448 | ||
| 035 | _a(Sirsi) i9788427715448 | ||
| 040 |
_aPE-LiUPU _bspa _cPE-LiUPU _erda |
||
| 049 | _aPRUA | ||
| 082 | 0 | 4 |
_a378.1 _bE97 _221 |
| 100 | 1 |
_aExley, Kate, _eautor. |
|
| 245 | 1 | 0 |
_aEnseñanza en pequeños grupos en educación superior : _btutorías, seminarios y otros agrupamientos / _cKate Exley y Reg Dennick. |
| 264 | 1 |
_aMadrid : _bNarcea, _c2007. |
|
| 300 |
_a206 páginas : _bilustraciones ; _c23 centímetros |
||
| 336 |
_atext _2rdacontent |
||
| 337 |
_aunmediated _2rdamedia |
||
| 338 |
_avolume _2rdacarrier |
||
| 490 | 0 | _aUniversitaria | |
| 500 | _aTraducción de: Small group teaching, tutorials, seminars and beyond. | ||
| 504 | _aIncluye bibliografía. | ||
| 505 | 0 | _a¿Qué es la enseñanza en pequeños grupos (EPG ? -- Condiciones para el éxito de la EPG -- Técnicas de facilitación -- Trabajo en grupo: Técnicas y métodos en el aula -- Aprendizaje basado en problemas (ABP) -- Seminarios dirigidos por estudiantes y clases en pequeño grupo sin tutor -- Desarrollo de habilidades en la EPG -- Uso de las TIC's en la EPG -- Clases distribuidas en subgrupos y talleres -- La diversidad de los estudiantes en la EPG -- Evaluación de los estudiantes que trabajan en las sesiones del ABP. | |
| 526 | _aP202 | ||
| 526 | _aP201 | ||
| 526 | _aP163 | ||
| 526 | _aP162 | ||
| 526 | _aP161 | ||
| 526 | _aP160 | ||
| 526 | _aP148 | ||
| 526 | _aP147 | ||
| 526 | _aP146 | ||
| 526 | _aP145 | ||
| 526 | _aP144 | ||
| 526 | _aP143 | ||
| 526 | _aP142 | ||
| 526 | _aP141 | ||
| 526 | _aP140 | ||
| 526 | _aP139 | ||
| 526 | _aP138 | ||
| 526 | _aP137 | ||
| 526 | _aP136 | ||
| 526 | _aP135 | ||
| 526 | _aP134 | ||
| 526 | _aP133 | ||
| 526 | _aP129 | ||
| 526 | _aP128 | ||
| 526 | _aP127 | ||
| 526 | _aP120 | ||
| 526 | _aP119 | ||
| 526 | _aP118 | ||
| 526 | _aP116 | ||
| 526 | _aP115 | ||
| 526 | _aP114 | ||
| 526 | _aP110 | ||
| 526 | _aP109 | ||
| 526 | _aP108 | ||
| 526 | _aP104 | ||
| 526 | _aP103 | ||
| 526 | _aP102 | ||
| 526 | _aP99 | ||
| 526 | _aP98 | ||
| 526 | _aP97 | ||
| 526 | _aP96 | ||
| 526 | _aP95 | ||
| 526 | _aP93 | ||
| 526 | _aP90 | ||
| 526 | _aP89 | ||
| 526 | _aP88 | ||
| 526 | _aP83 | ||
| 526 | _aP82 | ||
| 526 | _aP62 | ||
| 526 | _aP59 | ||
| 526 | _aP58 | ||
| 526 | _aP57 | ||
| 526 | _aP51 | ||
| 526 | _aP49 | ||
| 526 | _aP48 | ||
| 526 | _aP47 | ||
| 526 | _aP29 | ||
| 526 | _aP24 | ||
| 526 | _aP20 | ||
| 526 | _aP19 | ||
| 526 | _aP17 | ||
| 526 | _aP15 | ||
| 526 | _aP14 | ||
| 526 | _aP12 | ||
| 526 | _aP10 | ||
| 526 | _aP09 | ||
| 526 | _aP08 | ||
| 526 | _aP07 | ||
| 526 | _aP06 | ||
| 526 | _aP05 | ||
| 526 | _aP04 | ||
| 526 | _aP01 | ||
| 541 | _g001-0031672; | ||
| 650 | 0 | 4 | _aEnseñanza en grupo. |
| 650 | 0 | 4 |
_aEnseñanza superior _xDidáctica. |
| 700 | 1 |
_aDennick, Reg, _eautor. |
|
| 700 | 1 |
_aManzano, Pablo, _etr. |
|
| 910 |
_bjv _clch _d20100813 |
||
| 942 |
_2ddc _cBOOK |
||
| 949 |
_aPGE 378.1 E97 _wDEWEY _c1 _i62004 _lCCODEBUL1 _mBUL _p27.00 _r0 _sY _tBOOK _u2015-7-6 _xEDUCACION _PP57 _0COMPRA _o.CIRCNOTE. No olvidar cambiar la fecha de devolución!!!!!!! _o.STAFF. Colección General |
||
| 994 |
_aC0 _bPEPRU |
||
| 596 | _a1 | ||
| 999 |
_aPGE 378.1 E97 _wDEWEY _c51117 _i62004 _f2021-11-8 _g5 _lCCODEBUL1 _mBUL _p27.00 _r0 _sN _tBOOK _u2015-7-6 _xEDUCACION _PP57 _0COMPRA _o.CIRCNOTE. No olvidar cambiar la fecha de devolución!!!!!!! _o.STAFF. Colección General _d51117 |
||
| 980 |
_81 _gALBERTO SANCHEZ Responsable de Automatización |
||